[Event "NCA-ch sf"]
[Site "Managua"]
[Date "2023.02.12"]
[Round "9.13"]
[White "Perez Salazar, Jimmy Alberto"]
[Black "Aburto, Santiago"]
[Result "0-1"]
[WhiteElo "1523"]
[BlackElo "1849"]
[PlyCount "62"]
[EventDate "2023.01.28"]
[EventType "swiss"]
[EventRounds "9"]
[EventCountry "NCA"]
[SourceTitle "CBM 213 Extra"]
[Source "ChessBase"]
[SourceDate "2023.05.31"]
[SourceVersion "1"]
[SourceVersionDate "2023.05.31"]
[SourceQuality "1"]

1. d4 Nf6 2. c4 c5 3. Nf3 cxd4 4. Nxd4 g6 5. Nc3 Bg7 6. e4 Nc6 7. Be3 d6 8. Be2 a6 9. f3 h5 10. h4 Bd7 11. Qd2 Rc8 12. 0-0 Ne5 13. b3 Qa5 14. Rfd1 b5 15. Rac1 bxc4 16. f4 Neg4 17. Bxc4 Nxe3 18. Qxe3 Ng4 19. Qd2 e5 20. fxe5 dxe5 21. Rf1 0-0 22. Nf3 Be6 23. Nd5 Qc5+ 24. Kh1 Qa7 25. Qe2 Rcd8 26. Bxa6 Bxd5 27. exd5 e4 28. Ng5 Qb8 29. g3 Qxg3 30. Nxe4 Qh3+ 31. Kg1 Bd4+ 0-1

[Event "NCA-ch sf"]
[Site "Managua"]
[Date "2023.02.05"]
[Round "5.16"]
[White "Aburto, Santiago"]
[Black "Lopez Tercero, Enders Wilfredo"]
[Result "1-0"]
[WhiteElo "1849"]
[BlackElo "1648"]
[PlyCount "197"]
[EventDate "2023.01.28"]
[EventType "swiss"]
[EventRounds "9"]
[EventCountry "NCA"]
[SourceTitle "CBM 213 Extra"]
[Source "ChessBase"]
[SourceDate "2023.05.31"]
[SourceVersion "1"]
[SourceVersionDate "2023.05.31"]
[SourceQuality "1"]

1. d4 d5 2. c4 e6 3. Nc3 Nf6 4. cxd5 exd5 5. Bg5 Be7 6. Qc2 Nbd7 7. e3 c6 8. Bd3 h6 9. Bh4 Nh5 10. Bxe7 Qxe7 11. Nge2 Nhf6 12. 0-0 0-0 13. Ng3 Nb6 14. Rab1 Be6 15. b3 Rfe8 16. Rbe1 Nc8 17. f3 Qb4 18. Na4 Nb6 19. Nc5 Nbd7 20. Na4 Nb6 21. Nc5 Nbd7 22. a3 Qxa3 23. Qc3 Nxc5 24. dxc5 Nd7 25. Rc1 b6 26. Nh5 f6 27. cxb6 Nxb6 28. Bg6 Bf7 29. Bxf7+ Kxf7 30. Qxc6 Rac8 31. Ra1 Qe7 32. Qb5 Qxe3+ 33. Kh1 Rc7 34. Qb4 Ree7 35. Ng3 g6 36. Rad1 Qc5 37. Qf4 Qe3 38. Qh4 h5 39. f4 f5 40. Qg5 Qe6 41. h3 Qf6 42. Qh6 Rc3 43. Rfe1 Rce3 44. Rxe3 Rxe3 45. Nf1 Rxb3 46. Nd2 Rd3 47. Rc1 Nc4 48. Nf3 Rxf3 49. gxf3 a5 50. Qh7+ Qg7 51. Qxg7+ Kxg7 52. Rd1 Ne3 53. Rd3 Nc2 54. Rxd5 a4 55. Rc5 Ne1 56. Ra5 Nxf3 57. Rxa4 h4 58. Kg2 Nd2 59. Rd4 Ne4 60. Kf3 Nf6 61. Rd8 Ne4 62. Ke3 Nc5 63. Ra8 Ne4 64. Kd4 Nf2 65. Ra3 Ne4 66. Ke5 Ng3 67. Ra7+ Kh6 68. Ra6 Kg7 69. Ra8 Nh5 70. Ra4 Ng3 71. Ke6 Ne4 72. Ra7+ Kh6 73. Kf7 g5 74. fxg5+ Kxg5 75. Ke6 Kf4 76. Ra4 Kg5 77. Ke5 Nf2 78. Ra3 Ne4 79. Rf3 Ng3 80. Rf4 Kh5 81. Kf6 Ne4+ 82. Kxf5 Ng3+ 83. Kf6 Ne2 84. Rf5+ Kh6 85. Re5 Ng3 86. Re8 Nh5+ 87. Ke5 Ng3 88. Rg8 Kh5 89. Rg4 Ne2 90. Kf6 Ng3 91. Rg8 Ne4+ 92. Kf5 Ng3+ 93. Kf4 Ne2+ 94. Kf3 Ng3 95. Kf4 Ne2+ 96. Ke5 Ng3 97. Rg4 Ne2 98. Kf6 Ng3 99. Ra4 1-0

[Event "NCA-ch sf"]
[Site "Managua"]
[Date "2023.01.29"]
[Round "2.4"]
[White "Mendoza Taisigue, Jackson Alexander"]
[Black "Aburto, Santiago"]
[Result "1/2-1/2"]
[WhiteElo "1949"]
[BlackElo "1849"]
[PlyCount "92"]
[EventDate "2023.01.28"]
[EventType "swiss"]
[EventRounds "9"]
[EventCountry "NCA"]
[SourceTitle "CBM 213 Extra"]
[Source "ChessBase"]
[SourceDate "2023.05.31"]
[SourceVersion "1"]
[SourceVersionDate "2023.05.31"]
[SourceQuality "1"]

1. c4 e5 2. Nc3 Nf6 3. Nf3 Nc6 4. d3 d5 5. cxd5 Nxd5 6. g3 Be7 7. Bg2 Be6 8. 0-0 0-0 9. h3 f6 10. a3 Qd7 11. Kh2 Rad8 12. Qc2 Rfe8 13. b4 Nxc3 14. Qxc3 Nd4 15. Nxd4 exd4 16. Qc2 c6 17. Rb1 Bd5 18. Bf3 Bxf3 19. exf3 Bd6 20. Bb2 Qf5 21. Kg2 Qd5 22. Rfe1 Kf7 23. Re4 Be5 24. Rbe1 f5 25. R4e2 g5 26. Bc1 Bf6 27. g4 Rxe2 28. Qxe2 h6 29. Kg1 Kg7 30. f4 fxg4 31. hxg4 gxf4 32. Bxf4 Rf8 33. Be5 Bxe5 34. Qxe5+ Qxe5 35. Rxe5 Rf3 36. Re7+ Kf6 37. Rxb7 Rxd3 38. Rxa7 Rb3 39. Kf1 d3 40. Ke1 Ke5 41. Kd2 Kd4 42. Rd7+ Kc4 43. Rc7 Rb2+ 44. Kd1 Rb1+ 45. Kd2 Rb2+ 46. Kd1 Rb1+ 1/2-1/2

[Event "Managua Hurtado Memorial 22nd"]
[Site "Managua"]
[Date "2022.12.30"]
[Round "8"]
[White "Aburto, Santiago"]
[Black "Diego Martinez, Humberto Jose"]
[Result "1/2-1/2"]
[WhiteElo "1849"]
[BlackElo "2072"]
[PlyCount "40"]
[EventDate "2022.12.26"]
[EventType "swiss"]
[EventRounds "9"]
[EventCountry "NCA"]
[SourceTitle "CBM 212 Extra"]
[Source "ChessBase"]
[SourceDate "2023.03.31"]
[SourceVersion "1"]
[SourceVersionDate "2023.03.31"]
[SourceQuality "1"]

1. d4 d5 2. c4 c6 3. cxd5 cxd5 4. Nc3 Nf6 5. f3 Qb6 6. Bf4 Nc6 7. e3 a6 8. Qd2 e6 9. g4 Bd7 10. Bd3 Na5 11. Nge2 Rc8 12. Kf2 Bb4 13. h4 Nc4 14. Bxc4 Rxc4 15. h5 h6 16. Rac1 Bd6 17. b3 Rc7 18. Na4 Bxa4 19. bxa4 Bxf4 20. Nxf4 0-0 1/2-1/2

[Event "Managua Hurtado Memorial 22nd"]
[Site "Managua"]
[Date "2022.12.29"]
[Round "6"]
[White "Gutierrez, Oscar"]
[Black "Aburto, Santiago"]
[Result "0-1"]
[WhiteElo "1901"]
[BlackElo "1849"]
[PlyCount "118"]
[EventDate "2022.12.26"]
[EventType "swiss"]
[EventRounds "9"]
[EventCountry "NCA"]
[SourceTitle "CBM 212 Extra"]
[Source "ChessBase"]
[SourceDate "2023.03.31"]
[SourceVersion "1"]
[SourceVersionDate "2023.03.31"]
[SourceQuality "1"]

1. e4 e5 2. Nc3 Nf6 3. g3 d5 4. exd5 Nxd5 5. Bg2 Be6 6. Nge2 Nc6 7. 0-0 Bc5 8. a3 a5 9. Na4 Ba7 10. c4 Nde7 11. d3 0-0 12. Be3 Bf5 13. Bxa7 Rxa7 14. Nc5 Qd6 15. Ne4 Qg6 16. Qc2 Raa8 17. Rab1 Rad8 18. b4 axb4 19. axb4 Nd4 20. Nxd4 Rxd4 21. Rb3 b6 22. b5 Rfd8 23. h3 h5 24. Ra1 Bxe4 25. dxe4 Qe6 26. Rc3 Rd2 27. Ra8 Qd6 28. Rxd8+ Qxd8 29. Qb3 c5 30. Bf3 h4 31. Rc2 Qd3 32. Qxd3 Rxd3 33. Kg2 Rd4 34. Ra2 hxg3 35. Ra6 Rd6 36. fxg3 g6 37. Ra8+ Kg7 38. Re8 Kf6 39. g4 g5 40. h4 Rd2+ 41. Kf1 Ng6 42. h5 Nf4 43. Ke1 Rd3 44. Bd1 Rd4 45. Rc8 Rxe4+ 46. Kf2 Kg7 47. Rc6 Rd4 48. Bc2 Rd2+ 49. Ke3 Re2+ 50. Kf3 Rxc2 51. Ke4 Ne6 52. Rxb6 Rxc4+ 53. Kd5 Rxg4 54. Rc6 Rb4 55. b6 g4 56. h6+ Kxh6 57. Kd6 Kh5 58. Ke7 g3 59. Rd6 g2 0-1

[Event "NCA-ch sf"]
[Site "Managua"]
[Date "2022.02.19"]
[Round "4"]
[White "Salazar Cabezas, Alberto Javier"]
[Black "Aburto, Santiago"]
[Result "1-0"]
[WhiteElo "2162"]
[BlackElo "1865"]
[PlyCount "115"]
[EventDate "2022.02.12"]
[EventType "swiss"]
[EventRounds "9"]
[EventCountry "NCA"]
[SourceTitle "EXT 2023"]
[Source "ChessBase"]
[SourceDate "2022.10.05"]
[SourceVersion "1"]
[SourceVersionDate "2022.10.05"]
[SourceQuality "1"]

1. d4 d5 2. Nf3 c6 3. g3 Nf6 4. Bg2 g6 5. 0-0 Bg7 6. c4 0-0 7. b3 Na6 8. Bb2 Nc7 9. Nc3 Bf5 10. Ne5 Ng4 11. e4 Nxe5 12. exf5 Nd7 13. fxg6 hxg6 14. cxd5 Nxd5 15. Nxd5 cxd5 16. Bxd5 Qb6 17. Qf3 Rab8 18. Rad1 Nf6 19. Bc4 Qd6 20. Bc1 Qd7 21. a4 Rbc8 22. Ba3 Rfe8 23. Bb5 Qd5 24. Qxd5 Nxd5 25. Bxe8 Rxe8 26. Rd3 e6 27. f4 Rd8 28. Kf2 Bf6 29. Kf3 Rd7 30. Rc1 Rd8 31. Rd2 Kh7 32. g4 Rd7 33. h4 Kg7 34. Rc8 Bd8 35. h5 Bc7 36. h6+ Kh7 37. f5 exf5 38. gxf5 Bf4 39. fxg6+ fxg6 40. Rd1 Kxh6 41. Bf8+ Kg5 42. Rg1+ Kf5 43. Ba3 g5 44. Bc1 Bxc1 45. Rcxc1 b6 46. Rc8 Nf6 47. Ke3 Nd5+ 48. Kd3 Nf4+ 49. Kc4 Ne6 50. Rf1+ Kg4 51. d5 Nf4 52. Rd1 Kf3 53. d6 g4 54. Rc7 Rd8 55. d7 g3 56. Rc8 Ne6 57. Rxd8 Nxd8 58. Kb5 1-0

[Event "NCA-ch sf"]
[Site "Managua"]
[Date "2022.02.12"]
[Round "1"]
[White "Aburto, Santiago"]
[Black "Picado, Jorge Luis"]
[Result "1-0"]
[WhiteElo "1865"]
[BlackElo "2123"]
[PlyCount "103"]
[EventDate "2022.02.12"]
[EventType "swiss"]
[EventRounds "9"]
[EventCountry "NCA"]
[SourceTitle "EXT 2023"]
[Source "ChessBase"]
[SourceDate "2022.10.05"]
[SourceVersion "1"]
[SourceVersionDate "2022.10.05"]
[SourceQuality "1"]

1. d4 Nf6 2. c4 c5 3. d5 d6 4. Nc3 g6 5. e4 Bg7 6. Be2 Nbd7 7. Be3 a6 8. g4 h5 9. g5 Ng4 10. Bxg4 hxg4 11. Qxg4 b5 12. Qe2 bxc4 13. f4 Rb8 14. h4 Qa5 15. Rc1 Bd4 16. Kf2 Nb6 17. h5 Na8 18. h6 Nc7 19. Nf3 Bg4 20. Qxc4 Rxb2+ 21. Ne2 Bxe3+ 22. Kxe3 Bxf3 23. Kxf3 0-0 24. Rc2 Rfb8 25. Rhc1 Qa3+ 26. Qc3 Qxc3+ 27. Nxc3 R2b4 28. Ne2 Nb5 29. Rc4 a5 30. Ke3 Nc7 31. R1c2 Na8 32. R4c3 Nb6 33. Kd3 Na4 34. Rc4 Rxc4 35. Kxc4 Rb4+ 36. Kd3 Nb2+ 37. Ke3 a4 38. Nc3 a3 39. Kd2 Kh7 40. Ke3 Nc4+ 41. Kd3 Nb2+ 42. Kd2 Rd4+ 43. Ke2 e6 44. Rd2 Na4 45. Nxa4 Rxe4+ 46. Kf3 Rxa4 47. dxe6 fxe6 48. Rxd6 Rb4 49. Rxe6 Rb2 50. Ra6 Rxa2 51. Ra7+ Kh8 52. f5 1-0

[Event "NCA-ch Fase 2"]
[Site "Managua"]
[Date "2022.02.06"]
[Round "9"]
[White "Mayorga Bohorquez, David Antonio"]
[Black "Aburto, Santiago"]
[Result "0-1"]
[WhiteElo "1474"]
[BlackElo "1826"]
[PlyCount "74"]
[EventDate "2022.01.22"]
[EventType "swiss"]
[EventRounds "9"]
[EventCountry "NCA"]
[SourceTitle "CBM 207 Extra"]
[Source "ChessBase"]
[SourceDate "2022.05.31"]
[SourceVersion "1"]
[SourceVersionDate "2022.05.31"]
[SourceQuality "1"]

1. d3 c5 2. Nd2 g6 3. c3 Bg7 4. e4 Nc6 5. Be2 d6 6. h3 e6 7. Ngf3 Nge7 8. Qc2 Bd7 9. Rb1 b5 10. Nf1 a5 11. Bd2 b4 12. Ng3 Qb6 13. 0-0 a4 14. Qc1 h5 15. h4 Rb8 16. c4 Nd4 17. Kh1 Nec6 18. Bd1 Ra8 19. Nxd4 Nxd4 20. Ne2 Nc6 21. Ng1 Qd8 22. g3 Ne5 23. Be2 Bc6 24. Kh2 Bf6 25. Bg5 Bxg5 26. Qxg5 Qxg5 27. hxg5 Bb7 28. f3 d5 29. Rbc1 dxc4 30. dxc4 Ke7 31. Rfd1 Rhd8 32. Nh3 Ba6 33. b3 Nc6 34. Rxd8 Rxd8 35. Rc2 Nd4 36. Rb2 a3 37. Rd2 Nxf3+ 0-1

[Event "NCA-ch Fase 2"]
[Site "Managua"]
[Date "2022.02.05"]
[Round "7"]
[White "Quintanilla, Marvin"]
[Black "Aburto, Santiago"]
[Result "1/2-1/2"]
[WhiteElo "1921"]
[BlackElo "1826"]
[PlyCount "20"]
[EventDate "2022.01.22"]
[EventType "swiss"]
[EventRounds "9"]
[EventCountry "NCA"]
[SourceTitle "CBM 207 Extra"]
[Source "ChessBase"]
[SourceDate "2022.05.31"]
[SourceVersion "1"]
[SourceVersionDate "2022.05.31"]
[SourceQuality "1"]

1. e4 e5 2. Nf3 Nc6 3. d4 exd4 4. Nxd4 Bc5 5. Be3 Bxd4 6. Bxd4 Nxd4 7. Qxd4 Qf6 8. Qxf6 Nxf6 9. Nc3 d6 10. f3 Bd7 1/2-1/2

[Event "NCA-ch Fase 2"]
[Site "Managua"]
[Date "2022.01.29"]
[Round "4"]
[White "Aburto, Santiago"]
[Black "Rocha Mendoza, Axel Farid"]
[Result "1-0"]
[WhiteElo "1826"]
[BlackElo "1737"]
[PlyCount "51"]
[EventDate "2022.01.22"]
[EventType "swiss"]
[EventRounds "9"]
[EventCountry "NCA"]
[SourceTitle "CBM 207 Extra"]
[Source "ChessBase"]
[SourceDate "2022.05.31"]
[SourceVersion "1"]
[SourceVersionDate "2022.05.31"]
[SourceQuality "1"]

1. e4 c5 2. Nf3 g6 3. Bc4 Bg7 4. 0-0 Nc6 5. c3 d6 6. Re1 e6 7. d4 Qc7 8. d5 Ne5 9. Nxe5 dxe5 10. dxe6 Bxe6 11. Bxe6 fxe6 12. Qb3 Qc6 13. Nd2 Nf6 14. Nc4 0-0 15. Nxe5 Qc7 16. Qxe6+ Kh8 17. f4 Rae8 18. Qh3 Rxe5 19. fxe5 Qxe5 20. Bh6 Nh5 21. Bxg7+ Kxg7 22. Rad1 Qf6 23. Rf1 Nf4 24. Rd7+ Rf7 25. Rxf7+ Qxf7 26. Qg4 1-0

[Event "Managua Hurtado Memorial op"]
[Site "Managua"]
[Date "2021.12.28"]
[Round "5"]
[White "Aburto, Santiago"]
[Black "Mendoza, Yegor"]
[Result "1-0"]
[WhiteElo "1826"]
[BlackElo "1914"]
[PlyCount "93"]
[EventDate "2021.12.26"]
[EventType "swiss"]
[EventRounds "9"]
[EventCountry "NCA"]
[SourceTitle "CBM 206 Extra"]
[Source "ChessBase"]
[SourceDate "2022.03.31"]
[SourceVersion "1"]
[SourceVersionDate "2022.03.31"]
[SourceQuality "1"]

1. d4 Nf6 2. Nf3 d5 3. c4 e6 4. Nc3 Be7 5. e3 0-0 6. Be2 a6 7. 0-0 dxc4 8. Bxc4 b5 9. Bd3 Bb7 10. Qe2 Nbd7 11. Rd1 Re8 12. e4 Nf8 13. e5 Nd5 14. Ne4 Ng6 15. g3 f5 16. exf6 Bxf6 17. Bg5 Bxg5 18. Nfxg5 Nf8 19. Qh5 g6 20. Qh6 Nf6 21. Nxf6+ Qxf6 22. Be4 Bd5 23. Rac1 Re7 24. Bg2 Rd8 25. Qh4 Bxg2 26. Kxg2 Rd5 27. Nf3 Qxh4 28. Nxh4 Red7 29. Nf3 c5 30. Ne5 R7d6 31. f4 g5 32. Rf1 c4 33. fxg5 Rxd4 34. h4 Rd2+ 35. Kh3 Rxb2 36. Nf7 Rd7 37. Nh6+ Kg7 38. Rcd1 Rxd1 39. Rf7+ Kg6 40. Rxf8 Rd3 41. Rg8+ Kh5 42. Ng4 Rxg3+ 43. Kxg3 Rg2+ 44. Kxg2 Kxg4 45. g6 hxg6 46. Rxg6+ Kxh4 47. Rxe6 1-0

[Event "NCA-chT final"]
[Site "Managua"]
[Date "2021.10.31"]
[Round "8.2"]
[White "Rios, Edgard"]
[Black "Aburto, Santiago"]
[Result "1-0"]
[WhiteElo "1754"]
[BlackElo "1825"]
[PlyCount "113"]
[EventDate "2021.10.16"]
[EventType "team-tourn"]
[EventRounds "11"]
[EventCountry "NCA"]
[SourceTitle "EXT 2023"]
[Source "ChessBase"]
[SourceDate "2022.10.05"]
[SourceVersion "1"]
[SourceVersionDate "2022.10.05"]
[SourceQuality "1"]
[WhiteTeam "Surnrise CC"]
[BlackTeam "Jose Raul Capablanca"]
[WhiteTeamCountry "NCA"]
[BlackTeamCountry "NCA"]

1. d4 d5 2. Bf4 Nf6 3. e3 c5 4. Nd2 Nc6 5. c3 Qb6 6. Qc1 Bf5 7. h3 cxd4 8. exd4 Rc8 9. g4 Bg6 10. Ngf3 e6 11. Be2 Be7 12. 0-0 0-0 13. Nb3 a5 14. Nh4 a4 15. Nxg6 hxg6 16. Nc5 Bxc5 17. dxc5 Qxc5 18. Qd1 b5 19. Be3 Qd6 20. Bxb5 a3 21. b4 Ne4 22. Rc1 f5 23. f4 Rfd8 24. Bd3 Nxc3 25. Rxc3 d4 26. Rxc6 Rxc6 27. Bd2 Qd5 28. Qf3 Qxf3 29. Rxf3 Ra8 30. Rf1 Kf7 31. b5 Rcc8 32. Rb1 fxg4 33. hxg4 Rh8 34. Be4 Rac8 35. b6 Rh4 36. b7 Rxg4+ 37. Kf1 Rb8 38. Rc1 e5 39. Rc8 Rxb7 40. Bxb7 exf4 41. Kf2 Rh4 42. Rc4 Rh2+ 43. Bg2 g5 44. Rxd4 Ke6 45. Kg1 Rh8 46. Bf3 Rb8 47. Bg4+ Kf6 48. Rb4 Rd8 49. Bc3+ Ke7 50. Rb3 Kd6 51. Bxg7 Ra8 52. Rxa3 Rg8 53. Bc3 Kc5 54. Be6 Re8 55. Ra5+ Kb6 56. Re5 Rd8 57. Ba5+ 1-0

[Event "NCA-chT 1st Stage"]
[Site "Managua"]
[Date "2021.09.26"]
[Round "2.2"]
[White "Ortiz, Heriberto"]
[Black "Aburto, Santiago"]
[Result "0-1"]
[WhiteElo "1879"]
[BlackElo "1825"]
[PlyCount "78"]
[EventDate "2021.09.25"]
[EventType "team-swiss"]
[EventRounds "9"]
[EventCountry "NCA"]
[SourceTitle "EXT 2023"]
[Source "ChessBase"]
[SourceDate "2022.10.05"]
[SourceVersion "1"]
[SourceVersionDate "2022.10.05"]
[SourceQuality "1"]
[WhiteTeam "Diamante de Las Segovias"]
[BlackTeam "Jose Raul Capablanca"]
[WhiteTeamCountry "NCA"]
[BlackTeamCountry "NCA"]

1. e4 c5 2. Nf3 d6 3. Bc4 e6 4. Nc3 a6 5. a4 Nc6 6. d4 cxd4 7. Nxd4 Nf6 8. 0-0 Be7 9. Bg5 0-0 10. Qd2 Qc7 11. Rad1 Bd7 12. Nxc6 Bxc6 13. Bd3 d5 14. exd5 Nxd5 15. Nxd5 Bxd5 16. Qe3 Bxg5 17. Qxg5 Qc6 18. b3 Rac8 19. Rfe1 h6 20. Qg4 Qc7 21. Qh3 Qf4 22. Re3 Rfd8 23. Rde1 b5 24. axb5 axb5 25. Rg3 Kf8 26. Rg4 Qd2 27. Qe3 Qxe3 28. fxe3 Bxb3 29. Bxb5 Rxc2 30. Bc6 Rxc6 31. Rb4 Rd1 32. Rxd1 Bxd1 33. Kf2 Bc2 34. g4 f5 35. h3 g5 36. Rb7 Kg8 37. Re7 Be4 38. gxf5 exf5 39. Kg3 Rc2 0-1

[Event "Managua Muniz Memorial 3rd"]
[Site "Managua"]
[Date "2021.03.13"]
[Round "4"]
[White "Aburto, Santiago"]
[Black "Carranza Narvaez, Sergio Ivan"]
[Result "1-0"]
[WhiteElo "1880"]
[BlackElo "1941"]
[PlyCount "67"]
[EventDate "2021.03.06"]
[EventType "tourn"]
[EventRounds "9"]
[EventCountry "NCA"]
[SourceTitle "EXT 2022"]
[Source "ChessBase"]
[SourceDate "2021.10.06"]
[SourceVersion "1"]
[SourceVersionDate "2021.10.06"]
[SourceQuality "1"]

1. Nf3 Nf6 2. c4 c5 3. g3 Nc6 4. Bg2 d6 5. 0-0 g6 6. Nc3 Bg7 7. d4 cxd4 8. Nxd4 Bd7 9. e4 0-0 10. Nde2 Qc8 11. Rb1 Rb8 12. Nd5 Nxd5 13. cxd5 Ne5 14. Nd4 Bg4 15. f3 Bd7 16. Be3 Nc4 17. Bf2 Bh6 18. f4 Qd8 19. b3 Na3 20. Rb2 Bg7 21. Rd2 Nb5 22. Nxb5 Bxb5 23. Re1 Bc3 24. Bxa7 Rc8 25. Bd4 Bxd2 26. Qxd2 Qc7 27. a4 Be8 28. Bh3 Qc2 29. Qe3 Rc7 30. e5 dxe5 31. fxe5 e6 32. d6 Rc8 33. Bg2 Rc6 34. Be4 1-0

[Event "Managua Muniz Memorial 3rd"]
[Site "Managua"]
[Date "2021.03.07"]
[Round "3"]
[White "Rios, Edgard"]
[Black "Aburto, Santiago"]
[Result "1/2-1/2"]
[WhiteElo "1742"]
[BlackElo "1880"]
[PlyCount "116"]
[EventDate "2021.03.06"]
[EventType "tourn"]
[EventRounds "9"]
[EventCountry "NCA"]
[SourceTitle "EXT 2022"]
[Source "ChessBase"]
[SourceDate "2021.10.06"]
[SourceVersion "1"]
[SourceVersionDate "2021.10.06"]
[SourceQuality "1"]

1. d4 Nf6 2. Bf4 g6 3. Nc3 Bg7 4. e4 d6 5. Qd2 Nbd7 6. Bh6 Bxh6 7. Qxh6 e5 8. Nf3 exd4 9. Nxd4 Nc5 10. f3 Be6 11. Be2 a6 12. 0-0 Qe7 13. Nxe6 fxe6 14. Bc4 b5 15. Be2 e5 16. Rad1 Ne6 17. g3 Nd4 18. Bd3 c6 19. Ne2 Ne6 20. c3 Nh5 21. Bc2 0-0-0 22. Qe3 Kb7 23. Rd2 Qg5 24. Qxg5 Nxg5 25. h4 Ne6 26. Rfd1 Kc7 27. Kg2 Rhf8 28. b4 c5 29. a4 c4 30. Ra1 Ra8 31. Ng1 Nf6 32. Nh3 h6 33. Nf2 a5 34. bxa5 Rxa5 35. Bd1 Nc5 36. Rb2 Rfa8 37. Rb4 Nxa4 38. Bxa4 Rxa4 39. Raxa4 bxa4 40. Rxc4+ Kb6 41. Rb4+ Kc5 42. Nd3+ Kc6 43. Rc4+ Kd7 44. Nb4 Rc8 45. Rxc8 Kxc8 46. Kf2 Kb7 47. Ke2 Kb6 48. Kd3 Nh5 49. g4 Nf4+ 50. Kc4 h5 51. Nc2 Ng2 52. Kb4 Nxh4 53. Ne1 a3 54. Kxa3 Kc5 55. Kb3 hxg4 56. fxg4 g5 57. Nd3+ Kb5 58. c4+ Kc6 1/2-1/2

[Event "Managua Hurtado Memorial 16th"]
[Site "Managua"]
[Date "2016.12.29"]
[Round "7"]
[White "Murillo, Bryan"]
[Black "Aburto, Santiago"]
[Result "1-0"]
[WhiteElo "1976"]
[BlackElo "1873"]
[PlyCount "70"]
[EventDate "2016.12.26"]
[EventType "swiss"]
[EventRounds "9"]
[EventCountry "NCA"]
[SourceTitle "CBM 176 Extra"]
[Source "ChessBase"]
[SourceDate "2017.03.02"]
[SourceVersion "1"]
[SourceVersionDate "2017.03.02"]
[SourceQuality "1"]

1. e4 d5 2. exd5 Qxd5 3. Nc3 Qa5 4. Nf3 Bg4 5. Be2 Nf6 6. 0-0 e6 7. d4 c6 8. Ne5 Bxe2 9. Qxe2 Be7 10. Re1 0-0 11. Bd2 Qb4 12. Nd5 Qd6 13. Bb4 Qxd5 14. Bxe7 Nbd7 15. Nxd7 Qxd7 16. Bxf8 Kxf8 17. Rad1 Qd5 18. c4 Qg5 19. Qe5 Qh4 20. h3 Re8 21. b3 h6 22. Qc5+ Kg8 23. Qxa7 Ne4 24. d5 c5 25. Rf1 exd5 26. Rxd5 Re6 27. Rxc5 Rg6 28. Rc8+ Kh7 29. Qe3 Ng5 30. Kh2 f5 31. Rf8 Re6 32. Qg3 Qd4 33. Rxf5 Ne4 34. Qf4 g5 35. Rf7+ Kg6 1-0

[Event "Managua Hurtado Memorial 16th"]
[Site "Managua"]
[Date "2016.12.28"]
[Round "4"]
[White "Aburto, Santiago"]
[Black "Jimenez Martinez, Alexander"]
[Result "0-1"]
[WhiteElo "1873"]
[BlackElo "1997"]
[PlyCount "88"]
[EventDate "2016.12.26"]
[EventType "swiss"]
[EventRounds "9"]
[EventCountry "NCA"]
[SourceTitle "CBM 176 Extra"]
[Source "ChessBase"]
[SourceDate "2017.03.02"]
[SourceVersion "1"]
[SourceVersionDate "2017.03.02"]
[SourceQuality "1"]

1. d4 Nf6 2. c4 g6 3. Nc3 Bg7 4. e4 0-0 5. Nf3 d6 6. Be2 Na6 7. Bg5 h6 8. Bf4 c5 9. d5 Bg4 10. Nd2 Bxe2 11. Qxe2 Nc7 12. 0-0 a6 13. Bg3 Nh5 14. Bh4 b5 15. f4 bxc4 16. Nxc4 Nb5 17. e5 Nd4 18. Qe4 dxe5 19. fxe5 g5 20. Bf2 f5 21. exf6 Nxf6 22. Qg6 Qe8 23. Ne5 Rd8 24. Qxe8 Rfxe8 25. Nc6 Nxc6 26. dxc6 Rc8 27. Bxc5 Rxc6 28. Ba3 e5 29. Rae1 e4 30. Rf5 Ng4 31. h3 Bd4+ 32. Kh1 Nf2+ 33. Kh2 Bxc3 34. bxc3 Nd3 35. Re3 Rxc3 36. Bd6 Rc2 37. a3 Re6 38. Rd5 Nf4 39. Bxf4 gxf4 40. Rb3 f3 41. Rd7 Rxg2+ 42. Kh1 Rg7 43. Rxg7+ Kxg7 44. Re3 Rg6 0-1

[Event "Managua Hurtado Memorial 16th"]
[Site "Managua"]
[Date "2016.12.27"]
[Round "2"]
[White "Aburto, Santiago"]
[Black "Espinoza Solano, Jose Nahum"]
[Result "1-0"]
[WhiteElo "1873"]
[BlackElo "1668"]
[PlyCount "88"]
[EventDate "2016.12.26"]
[EventType "swiss"]
[EventRounds "9"]
[EventCountry "NCA"]
[SourceTitle "CBM 176 Extra"]
[Source "ChessBase"]
[SourceDate "2017.03.02"]
[SourceVersion "1"]
[SourceVersionDate "2017.03.02"]
[SourceQuality "1"]

1. d4 Nf6 2. Nf3 g6 3. c4 Bg7 4. g3 0-0 5. Bg2 d6 6. Nc3 Nc6 7. h3 e5 8. Be3 Nd7 9. 0-0 h6 10. Nd5 f5 11. Qd2 g5 12. dxe5 dxe5 13. Qc2 Nf6 14. Bc5 Rf7 15. Rad1 Nxd5 16. cxd5 Ne7 17. d6 Ng6 18. Ba3 Be6 19. Rd2 Rc8 20. Qa4 Rd7 21. Rfd1 c5 22. e4 f4 23. Bf1 Bf8 24. Bc4 Bxc4 25. Qxc4+ Kg7 26. Qe6 Qe8 27. Qf5 Rc6 28. gxf4 gxf4 29. Kh2 Rcxd6 30. Rxd6 Rxd6 31. Rg1 Rf6 32. Qh5 Bd6 33. Nh4 Kh7 34. Nf5 Qf8 35. b3 b6 36. f3 Bb8 37. Rd1 Nh8 38. Rg1 Rg6 39. Rd1 Rf6 40. Bb2 Qf7 41. Qh4 Bc7 42. Rd2 b5 43. Rg2 Rg6 44. Rg4 Qf6 1-0